top 3 players from each nba team 2022 - Statistics

General Stats
  • This quiz has been taken 68 times
  • The average score is 76 of 90
Answer Stats
Team Player % Correct
1. BOS Jayson Tatum
100%
1. BKN Kevin Durant
100%
2. BKN Kyrie Irving
100%
1. ATL Trae Young
100%
2. PHI James Harden
98%
2. BOS Jaylen Brown
98%
2. LAL Anthony Davis
96%
1. MEM Ja Morant
96%
1. MIA Jimmy Butler
96%
2. GSW Klay Thompson
96%
1. CHA Lamelo Ball
96%
1. DEN Nikola Jokic
96%
2. UTA Rudy Gobert
96%
1. GSW Steph Curry
96%
1. NOP Brandon Ingram
94%
1. POR Damian Lillard
94%
1. SAS Dejounte Murray
94%
1. CHI Demar Derozan
94%
1. MIL Giannis Antetokounmpo
94%
2. DEN Jamal Murray
94%
2. MIL Khris Middleton
94%
1. LAL Lebron James
94%
3. BOS Marcus Smart
94%
2. CHI Zach Lavine
94%
2. MIN Anthony Edwards
93%
2. MIA Bam Adebayo
93%
2. PHO Chris Paul
93%
3. SAC Davion Mitchell
93%
1. UTA Donovan Mitchell
93%
3. MIL Jrue Holiday
93%
1. DAL Luka Doncic
93%
1. WAS Bradley Beal
91%
2. ATL Clint Capela
91%
1. PHO Devin Booker
91%
2. HOU Jalen Green
91%
1. PHI Joel Embiid
91%
1. MIN Karl-Anthony Towns
91%
2. LAC Paul George
91%
3. MIA Tyler Herro
91%
2. NOP Zion Williamson
91%
1. DET Cade Cunningham
89%
2. TOR Fred Vanvleet
89%
1. LAC Kawhi Leonard
89%
3. CHI Nikola Vucevic
89%
3. LAL Russell Westbrook
89%
1. OKC Shai Gilgeous-Alexander
89%
3. GSW Andrew Wiggins
87%
1. CLE Darius Garland
87%
3. PHO Deandre Ayton
87%
2. SAC Domantas Sabonis
87%
1. NYK Julius Randle
87%
1. TOR Pascal Siakam
87%
1. SAC De’aaron Fox
85%
2. CLE Jarrett Allen
85%
3. ATL John Collins
85%
2. CHA Miles Bridges
85%
3. NOP CJ Mccollum
83%
3. MIN D’angelo Russell
83%
2. MEM Jaren Jackson Jr
83%
3. HOU Kevin Porter Jr
83%
3. DEN Michael Porter Jr
83%
3. LAC Reggie Jackson
81%
3. IND Myles Turner
80%
2. NYK RJ Barrett
80%
3. PHI Tyrese Maxey
80%
1. HOU Christian Wood
78%
2. WAS Kristaps Porzingis
78%
3. MEM Desmond Bane
76%
2. DAL Jalen Brunson
76%
3. TOR Scottie Barnes
76%
3. DAL Spencer Dinwiddie
76%
3. CHA Terry Rozier
76%
3. BKN Ben Simmons
74%
2. ORL Cole Anthony
74%
2. IND Tyrese Haliburton
74%
3. WAS Kyle Kuzma
72%
3. CLE Evan Mobley
70%
2. DET Jerami Grant
70%
2. POR Jusuf Nurkic
70%
3. UTA Mike Conley
70%
3. DET Saddiq Bey
69%
2. OKC Josh Giddey
67%
3. NYK Mitchell Robinson
63%
3. OKC Luguentz Dort
61%
3. SAS Keldon Johnson
54%
1. ORL Wendell Carter Jr
54%
1. IND Malcolm Brogdon
48%
3. POR Anfernee Simons
46%
2. SAS Jakob Poeltl
46%
3. ORL Jonathan Isaac
41%
No matching quizzes found
Score Distribution
Percent of People with Each Score
Percentile by Number Answered
Your Score History
You have not taken this quiz